<?xml version="1.0" encoding="UTF-8"?>
<record
    xmlns:xsi="http://www.w3.org/2001/XMLSchema-instance"
    xsi:schemaLocation="http://www.loc.gov/MARC21/slim http://www.loc.gov/standards/marcxml/schema/MARC21slim.xsd"
    xmlns="http://www.loc.gov/MARC21/slim">

  <leader>00274nam a2200109Ia 4500</leader>
  <controlfield tag="008">230411s9999    xx            000 0 und d</controlfield>
  <datafield tag="041" ind1=" " ind2=" ">
    <subfield code="a">eng</subfield>
  </datafield>
  <datafield tag="082" ind1=" " ind2=" ">
    <subfield code="a">S/610.73677/T.T/B03766</subfield>
  </datafield>
  <datafield tag="100" ind1=" " ind2=" ">
    <subfield code="a">Taylor T &amp; Johnson</subfield>
    <subfield code="9">177915</subfield>
  </datafield>
  <datafield tag="245" ind1=" " ind2=" ">
    <subfield code="a">Surgery</subfield>
  </datafield>
  <datafield tag="999" ind1=" " ind2=" ">
    <subfield code="c">154578</subfield>
    <subfield code="d">154578</subfield>
  </datafield>
  <datafield tag="952" ind1=" " ind2=" ">
    <subfield code="0">0</subfield>
    <subfield code="1">0</subfield>
    <subfield code="4">0</subfield>
    <subfield code="7">0</subfield>
    <subfield code="8">S</subfield>
    <subfield code="a">BTIN</subfield>
    <subfield code="b">BTIN</subfield>
    <subfield code="d">2006-10-09</subfield>
    <subfield code="e">British Library</subfield>
    <subfield code="g">50.00</subfield>
    <subfield code="i">V.NO. 259</subfield>
    <subfield code="l">0</subfield>
    <subfield code="o">S 610.73677 T.T B03766</subfield>
    <subfield code="p">BTIN-BK-3766</subfield>
    <subfield code="r">2023-04-11 00:00:00</subfield>
    <subfield code="v">50.00</subfield>
    <subfield code="w">2006-10-09</subfield>
    <subfield code="y">BK</subfield>
    <subfield code="z">B03766</subfield>
  </datafield>
</record>
